Determinanty dopytu po úveroch poskytnutých obyvateľstvu v Slovenskej republike

Úvery ostatných peňažných finančných inštitúcií poskytnutých obyvateľstvu za roky 1995-2008 v podmienkach Slovernskej republiky.

Salvato in:
Dettagli Bibliografici
Autore principale: Szpyrc, Miroslav
Altri autori: Pavličková, Viera, Novota, Daniel
Natura: Capitolo di libro
Lingua:slovacco
Soggetti:
Tags: Aggiungi Tag
Nessun Tag, puoi essere il primo ad aggiungerne!!

MARC

LEADER 00000naa a2200000 4500
001 0190681
005 20230918095420.7
041 0 |a slo 
044 |a SK 
245 1 0 |a Determinanty dopytu po úveroch poskytnutých obyvateľstvu v Slovenskej republike  |c Miroslav Szpyrc, Viera Pavličková, Daniel Novota 
520 |a Úvery ostatných peňažných finančných inštitúcií poskytnutých obyvateľstvu za roky 1995-2008 v podmienkach Slovernskej republiky. 
610 2 0 |a Slovensko 
610 2 0 |a organizácie finančné 
610 2 0 |a úver 
610 2 0 |a banky 
100 1 |a Szpyrc, Miroslav 
700 1 |a Pavličková, Viera 
700 1 |a Novota, Daniel